[Event "Mecklenburg VP-chA"]
[Site "Greifswald"]
[Date "2024.03.25"]
[Round "5"]
[White "Van Schaaik, Hans"]
[Black "Scharf, Christian"]
[Result "0-1"]
[WhiteElo "1786"]
[BlackElo "1789"]
[PlyCount "46"]
[EventDate "2024.03.23"]
[EventType "swiss"]
[EventRounds "7"]
[EventCountry "GER"]
[SourceTitle "CB14_2024"]
[SourceDate "2024.04.01"]
[SourceVersion "1"]
[SourceVersionDate "2024.04.01"]
[SourceQuality "1"]

1. e4 c5 2. d3 Nc6 3. f4 d5 4. exd5 Qxd5 5. Nc3 Qe6+ 6. Qe2 Nd4 7. Qxe6 Bxe6 8. Kd1 Nh6 9. Be3 Ng4 10. Bxd4 cxd4 11. Nb5 Rc8 12. Nxd4 Nf2+ 13. Kd2 Bd7 14. Ngf3 Nxh1 15. Ke3 g6 16. Be2 Bg7 17. Rxh1 0-0 18. Ne5 Bxe5 19. fxe5 Rc5 20. Kf4 g5+ 21. Kxg5 Rxe5+ 22. Kf4 Ra5 23. a3 e5+ 0-1

[Event "Greifswald Ryck op 23rd"]
[Site "Greifswald"]
[Date "2022.07.07"]
[Round "3"]
[White "Van Schaaik, Hans"]
[Black "Decker, Nils1111"]
[Result "1-0"]
[WhiteElo "1655"]
[BlackElo "1311"]
[PlyCount "31"]
[EventDate "2022.07.06"]
[EventType "swiss"]
[EventRounds "7"]
[EventCountry "GER"]
[SourceTitle "EXT 2023"]
[Source "ChessBase"]
[SourceDate "2022.10.05"]
[SourceVersion "1"]
[SourceVersionDate "2022.10.05"]
[SourceQuality "1"]

1. e4 e5 2. f4 d6 3. Nf3 Nf6 4. Nc3 Bg4 5. d4 Nbd7 6. Be2 Bxf3 7. Bxf3 Qe7 8. 0-0 g6 9. fxe5 dxe5 10. Bg5 Bg7 11. Nd5 Qd6 12. dxe5 Qxe5 13. Bf4 Qxb2 14. Nxc7+ Kf8 15. Nxa8 Qb4 16. Bd6+ 1-0